| 000 | 00359nam a22001457a 4500 | ||
|---|---|---|---|
| 005 | 20241218135703.0 | ||
| 008 | 241218b |||||||| |||| 00| 0 eng d | ||
| 020 | _a9788183820035 | ||
| 050 |
_aPE1068 _bKUM |
||
| 100 | _aKUMAR, RAJENDER | ||
| 245 | _aTEACHING OF ENGLISH | ||
| 260 |
_aNEW DELHI _bLOTUS PRESS _cc2006 |
||
| 300 | _av, 252p; | ||
| 942 |
_2lcc _cBK _n0 |
||
| 999 |
_c2441 _d2441 |
||